00472pab a2200157 454500008004000000100001800040245008800058260000900146300001500155362001000170650003100180650002600211650002500237650001800262773003400280180718b1996 xxu||||| |||| 00| 0 eng d aWeiner, Myron aChild labour in India: putting compulsory primary education on the political agenda c1996 ap.3007-014 a9 Nov aEducation, Primary - India aChild welfare - India aChild labour - India aChild workers aEconomic and Political Weekly